000 00802cam a2200253 i 4500
001 000019271
003 DO-SdBNP
005 20251028134653.0
008 840927s1983 ve b 001 0 spa d
040 _aDO-SdBNP
_bspa
_cLC
_dBNPHU
049 _aBNGR
050 0 0 _aF2321.3.B7
_bP67 1983
082 _ann*
_bP852v
100 1 _aPortillo, Julio,
_d1944-
_916192
245 1 0 _aVenezuela-Brasil, relaciones diplomaticas, 1842-1982 /
_cJulio Portillo.
260 _a[Caracas] :
_bs.n.,
_fArte,
_c1983.
300 _a410 p. :
_bport. ;
_c23 cm.
500 _aIncludes indexes.
504 _aBibliografía: p. 387-391.
651 0 _aVenezuela
_xForeign relations
_zBrazil.
_926230
651 4 _aBrazil
_xForeign relations
_zVenezuela.
_941461
910 _aCatalogación derivada / LC
942 _2ddc
_cLBS1
999 _c18789
_d18789